Contabilidad de costes y contabilidad de gestión

Salvato in:
Dettagli Bibliografici
Autori principali: Sáez Torrecilla, Angel (Autore), Fernández Fernández, Antonio (Autore), Gutiérrez Díaz, Gerardo (Autore)
Natura: Libro
Lingua:spagnolo
Pubblicazione: Madrid McGraw-Hill 1994
Soggetti:
Tags: Aggiungi Tag
Nessun Tag, puoi essere il primo ad aggiungerne!!

MARC

LEADER 00000nam a2200000 a 4500
001 UCY2473
003 CL-VaPUC
008 941027e19940000SP |||||||||||||||||spa|d
082 0 4 |a 657.42  |b SAE  |2 21 
100 0 |a Sáez Torrecilla, Angel  |e author  |9 330502 
700 0 |a Fernández Fernández, Antonio  |e author  |9 330503 
700 0 |a Gutiérrez Díaz, Gerardo  |e author  |9 330504 
245 1 0 |a Contabilidad de costes y contabilidad de gestión 
300 |a v 
942 |c BK 
945 |d 19941027 00:00:00  |a mfernand 
260 |a Madrid  |b McGraw-Hill  |c 1994 
650 7 |a CONTABILIDAD DE COSTO PROBLEMAS, EJERCICIOS, ETC  |2 CL-VaPUC  |9 307064 
583 |a last modification  |c 19941027 00:00:00  |k Rodrigo Vera 
999 |c 230874  |d 230872 
952 |0 0  |1 0  |4 0  |6 657_420000000000000_SAE_1994  |7 0  |8 A  |9 233491  |a BIBGIM  |b BIBGIM  |d 2019-11-15  |h v.2  |i 3033325  |o 657.42 SAE 1994  |p 3033325  |r 2025-01-15  |w 2019-11-15  |y BK  |k COM 
952 |0 0  |1 0  |4 0  |6 657_420000000000000_SAE_1994  |7 0  |8 A  |9 233492  |a BIBGIM  |b BIBGIM  |d 2019-11-15  |h v.1  |i 3145689  |o 657.42 SAE 1994  |p 3145689  |r 2025-01-15  |w 2019-11-15  |y BK  |k COM 
952 |0 0  |1 0  |4 0  |6 657_420000000000000_SAE_1994  |7 0  |8 A  |9 233493  |a BIBGIM  |b BIBGIM  |d 2019-11-15  |h v.2  |i 3144984  |l 1  |o 657.42 SAE 1994  |p 3144984  |r 2025-01-15  |s 2024-05-22  |w 2019-11-15  |y BK  |k COM